000 00740nam a22002297a 4500
003 UA-OsUOA
001 129326
007 ta
008 20180226b un ||||| |||| 00| 0 ukr d
100 _aКарчева Г.
700 _aБулиндін Д.
090 _a330(477)
_bК27
942 _cSA
040 _aUA-OsUOA
_bukr
_cUA-OsUOA
_dUA-OsUOA
245 _aЄвропейський досвід впровадження механізму bail-in та перспективи його використання в Україні
300 _aС. 53-64
955 _a0
041 _aukr
080 _a330(477)
773 0 _w129322
_tБанківська справа
_dК.
_d2017
_g4
650 7 _a330 Економіка взагалі
_2UDC
999 _c417173
_d417173